Historia de los dos sitios que pusieron a Zaragoza en los años de 1808 y 1809 las tropas de Napoleón / (Record no. 21410)

MARC details
000 -LEADER
campo de control de longitud fija 00831nam a2200193 i 4500
001 - NÚMERO DE CONTROL
campo de control 21410
003 - IDENTIFICADOR DE NÚMERO DE CONTROL
campo de control ES-MaACL
005 - FECHA Y HORA DE LA ÚLTIMA TRANSACCIÓN
campo de control 20230906152455.0
007 - CAMPO FIJO DE DESCRIPCIÓN FÍSICA--INFORMACIÓN GENERAL
campo de control de longitud fija t|
008 - DATOS DE LONGITUD FIJA--INFORMACIÓN GENERAL
campo de control de longitud fija 021125s18301831sp ||||1| spa d
080 ## - NÚMERO DE LA CLASIFICACIÓN DECIMAL UNIVERSAL
Número de la Clasificación Decimal Universal 94(460.224 Z.)"1808/14"
100 1# - ENTRADA PRINCIPAL--NOMBRE DE PERSONA
Nombre de persona Alcaide Ibieca, Agustín.
9 (RLIN) 19442
245 10 - MENCIÓN DEL TÍTULO
Título Historia de los dos sitios que pusieron a Zaragoza en los años de 1808 y 1809 las tropas de Napoleón /
Mención de responsabilidad, etc. por el cronista Agustín Alcaide Ibieca.
260 ## - PUBLICACIÓN, DISTRIBUCIÓN, ETC.
Lugar de publicación, distribución, etc. Madrid :
Nombre del editor, distribuidor, etc. [s.n.],
Fecha de publicación, distribución, etc. 1830-1 (
Fabricante M. de Burgos)
300 ## - DESCRIPCIÓN FÍSICA
Extensión 3 v. ;
Dimensiones 22 cm.
505 8# - NOTA DE CONTENIDO CON FORMATO
Nota de contenido con formato t. 1-2. [Sin título particular] (355, 364 p.) t. 3. Suplemento a la Historia de los dos sitios que pusieron a Zaragoza en los años 1808 y 1809 las tropas de Napoleón (224 p.)
651 #4 - PUNTO DE ACCESO ADICIONAL DE MATERIA--NOMBRE GEOGRÁFICO
Nombre geográfico Zaragoza-
Subdivisión general Historia-
Subdivisión cronológica 1808-1809, Sitio.
9 (RLIN) 142068
852 ## - LOCALIZACIÓN
Ubicación ES-MaACL
Número de control de estantería G-2939-41
Holdings
Estatus retirado Estado de pérdida Estado de daño No para préstamo Colección Biblioteca de origen Biblioteca actual Ubicación en estantería Fecha de adquisición Fuente de adquisición Total de préstamos Signatura topográfica completa Código de barras Visto por última vez Precio de reemplazo Tipo de ítem Koha
        Libros del s. XIX Biblioteca del Ateneo de Madrid Biblioteca del Ateneo de Madrid Depósito 2 17/01/2008     G-2939-41 1021997 23/02/2023 23/02/2023 Libro impreso antiguo